Piłkarze AC Milan - nagła śmierć - Statystyki

Ogólne statystyki
  • Ten quiz został rozwiązany 624 razy
  • Średni wynik to 13 z 20
Answers on the Grid
Answers color-coded by a green-red scale on the quiz's grid according to % correct below.
Ronaldinho
Lionel Messi
Paolo Maldini
Robert Lewandowski
Gerard Piqué
Cafu
Kaká
Zinédine Zidane
Gianluigi Donnarumma
Sadio Mané
Ronaldo
Ángel Di María
Fabio Cannavaro
Luka Modrić
Iker Casillas
Andrea Pirlo
Fernando Torres
David Beckham
Thierry Henry
Rafael Leão
Francesco Totti
Patrick Vieira
Petr Čech
Zlatan Ibrahimović
Luís Figo
Toni Kroos
Leonardo Bonucci
Virgil van Dijk
Cristiano Ronaldo
Roberto Baggio
Mario Balotelli
Kevin De Bruyne
Karim Benzema
Gianluca Zambrotta
Samuel Eto’o
João Félix
Theo Hernández
Didier Drogba
Andriy Shevchenko
Michael Ballack
 
Statystyki odpowiedzi
Odpowiedź % Poprawnych
Ronaldinho
96%
Kaká
93%
Paolo Maldini
93%
Cafu
84%
Gianluigi Donnarumma
84%
Rafael Leão
70%
Andrea Pirlo
69%
Zlatan Ibrahimović
68%
Theo Hernández
64%
Andriy Shevchenko
63%
Luka Modrić
60%
Leonardo Bonucci
57%
Mario Balotelli
57%
Ronaldo
54%
Gianluca Zambrotta
48%
João Félix
48%
David Beckham
45%
Roberto Baggio
43%
Fernando Torres
31%
Patrick Vieira
25%
Nie znaleziono quizów pasujących do podanych kryteriów
Rozkład punktacji
Procent ludzi z każdym wynikiem
Percentyl według liczby udzielonych odpowiedzi
Twoja historia wyników
Nie rozwiązałeś tego quizu